[Event "BL 8788 Heidelberg-Zähringen"]
[Site "?"]
[Date "1988.??.??"]
[Round "?.2"]
[White "Mack, P."]
[Black "Kiefer, G."]
[Result "0-1"]
[WhiteElo "2285"]
[BlackElo "2220"]
[PlyCount "132"]
[EventDate "1988.??.??"]

1. Nf3 c5 2. c4 Nf6 3. Nc3 e6 4. g3 d5 5. cxd5 Nxd5 6. Bg2 Nc6 7. O-O Be7 8. d4
O-O 9. e4 Nxc3 10. bxc3 b6 11. Qd3 cxd4 12. cxd4 Nb4 13. Qb3 Ba6 14. Rd1 Rc8
15. Bf1 Bxf1 16. Kxf1 Qc7 17. Bf4 Qb7 18. d5 exd5 19. exd5 Rfd8 20. d6 Bf6 21.
Rac1 Rxc1 22. Rxc1 Nd5 23. Be5 Bxe5 24. Nxe5 Rxd6 25. Qa4 Nf6 26. Kg1 g6 27.
Qf4 Re6 28. g4 Qe4 29. Qxe4 Nxe4 30. Rc8+ Kg7 31. f4 Rf6 32. Nd3 g5 33. fxg5
Nxg5 34. Rc7 a5 35. Rb7 Nh3+ 36. Kg2 Nf4+ 37. Nxf4 Rxf4 38. Rxb6 Rxg4+ 39. Kf3
Ra4 40. Rb2 Kf6 41. Kg3 Kg5 42. h4+ Kg6 43. Rf2 Ra3+ 44. Kf4 Ra4+ 45. Kg3 f6
46. Rc2 Ra3+ 47. Kg2 Kf5 48. Rf2+ Ke5 49. Kg1 h5 50. Rg2 Kf4 51. Kf1 Rh3 52.
Rc2 Rxh4 53. Rc4+ Kg3 54. Rc3+ Kh2 55. Rf3 Ra4 56. a3 h4 57. Kf2 f5 58. Kf1 f4
59. Kf2 h3 60. Rc3 Re4 61. Rc5 a4 62. Ra5 Rc4 63. Ra8 Rc2+ 64. Kf1 Kg3 65. Rg8+
Kf3 66. Kg1 Rg2+ 0-1

[Event "BL 8788 Heidelberg-Zähringen"]
[Site "?"]
[Date "1988.??.??"]
[Round "?.3"]
[White "Schuh, H."]
[Black "Steinbacher, M."]
[Result "0-1"]
[WhiteElo "2320"]
[BlackElo "2260"]
[PlyCount "66"]
[EventDate "1988.??.??"]

1. c4 g6 2. Nc3 Bg7 3. d4 Nf6 4. e4 d6 5. f4 c5 6. d5 O-O 7. Nf3 b5 8. e5 dxe5
9. fxe5 Ng4 10. Bf4 Nd7 11. Nxb5 Ndxe5 12. Nxe5 Nxe5 13. Qd2 e6 14. Be2 exd5
15. cxd5 c4 16. Nc3 Rb8 17. Be3 Qf6 18. Bf2 Bf5 19. O-O Rb7 20. h3 Rfb8 21. Na4
Rb4 22. b3 cxb3 23. axb3 Rxb3 24. Bxa7 R8b7 25. Be3 h5 26. Bh6 R7b4 27. Bxg7
Kxg7 28. Kh1 Qh4 29. Qe1 Rxh3+ 30. gxh3 Qxh3+ 31. Kg1 Be4 32. Kf2 Rb3 33. Rg1
Rf3+ 0-1

[Event "BL 8788 Heidelberg-Zähringen"]
[Site "?"]
[Date "1988.??.??"]
[Round "?.4"]
[White "Neunhoeffer, H."]
[Black "Vatter, H."]
[Result "1/2-1/2"]
[WhiteElo "2260"]
[BlackElo "2270"]
[PlyCount "137"]
[EventDate "1988.??.??"]

1. d4 Nf6 2. Nf3 c5 3. c3 b6 4. dxc5 bxc5 5. e4 e6 6. e5 Nd5 7. c4 Ne7 8. Bd3
Bb7 9. O-O Ng6 10. Nc3 Bxf3 11. Qxf3 Nc6 12. Bxg6 hxg6 13. Bf4 Rb8 14. b3 Nd4
15. Qd3 d6 16. exd6 Bxd6 17. Bxd6 Qxd6 18. f4 O-O 19. Ne4 Qc6 20. Rae1 Rfe8 21.
Qh3 f6 22. Qg3 Kf7 23. Qc3 Re7 24. Nd2 Qa6 25. Qb2 Rd7 26. Rf2 Qa5 27. Kf1 Rh8
28. g3 Rhd8 29. Ne4 Nf5 30. Qc3 Qb6 31. Rd2 Rxd2 32. Nxd2 a5 33. Ne4 Rd7 34.
Kf2 Qc7 35. Kf1 Nd4 36. Kf2 e5 37. Qc1 Re7 38. Nc3 Qd7 39. Kg2 Qg4 40. Qd1 Qxd1
41. Rxd1 exf4 42. gxf4 Re3 43. Nb5 Re2+ 44. Kf1 Rxh2 45. Nxd4 cxd4 46. Rxd4
Rxa2 47. Rd7+ Kg8 48. Ra7 Rb2 49. Rxa5 Rxb3 50. Ke2 Rc3 51. Ra4 Kf7 52. Kd2 Rf3
53. c5 Ke6 54. Rd4 Ra3 55. Rd6+ Kf5 56. c6 Ra8 57. Ke3 g5 58. fxg5 Kxg5 59. c7
Rc8 60. Rd7 g6 61. Ke4 Kg4 62. Kd5 f5 63. Kd6 f4 64. Rd8 Rxc7 65. Kxc7 f3 66.
Rf8 Kg3 67. Kd6 g5 68. Ke5 f2 69. Rxf2 1/2-1/2

[Event "BL 8788 Heidelberg-Zähringen"]
[Site "?"]
[Date "1988.??.??"]
[Round "?.6"]
[White "Nonnenmacher, E."]
[Black "Heim, B."]
[Result "1-0"]
[WhiteElo "2300"]
[BlackElo "2215"]
[PlyCount "101"]
[EventDate "1988.??.??"]

1. e4 c5 2. Nf3 d6 3. d4 cxd4 4. Nxd4 Nf6 5. Nc3 a6 6. Bg5 Nbd7 7. Qd2 e6 8.
Be2 b5 9. f3 Bb7 10. O-O Be7 11. Rad1 O-O 12. a3 d5 13. exd5 Nxd5 14. Bxe7 Qxe7
15. Nxd5 Bxd5 16. Kh1 Nf6 17. Qe3 Qc7 18. Rd2 Rfd8 19. Rfd1 Rd7 20. Bd3 Rad8
21. Ne2 Bb7 22. Nc3 h6 23. Bf1 Nd5 24. Nxd5 Rxd5 25. Rxd5 Bxd5 26. Rd2 Rc8 27.
Qd4 Qe7 28. Kg1 Qg5 29. Kf2 Rc7 30. Qe3 Qh4+ 31. Kg1 Qf6 32. c3 Qe7 33. Qb6 Rc6
34. Qb8+ Qf8 35. Qe5 Qc5+ 36. Qd4 Qe7 37. a4 Qb7 38. axb5 axb5 39. Bd3 Rc8 40.
Kf2 Bc4 41. Be4 Qe7 42. g3 g6 43. Qb6 Qg5 44. Qd6 Qc5+ 45. Qxc5 Rxc5 46. Rd8+
Kg7 47. Rd7 b4 48. cxb4 Rb5 49. Rd4 Rxb4 50. b3 Rxb3 51. Rxc4 1-0

[Event "BL 8788 Koblenz-Sindelfingen"]
[Site "?"]
[Date "1988.??.??"]
[Round "?.1"]
[White "Darga, K."]
[Black "Gutman, L."]
[Result "1/2-1/2"]
[WhiteElo "2470"]
[BlackElo "2475"]
[PlyCount "52"]
[EventDate "1988.??.??"]

1. c4 Nf6 2. d4 g6 3. Nf3 Bg7 4. g3 O-O 5. Bg2 d5 6. cxd5 Nxd5 7. O-O c6 8. Nc3
Nxc3 9. bxc3 Qa5 10. Qb3 Nd7 11. e4 Nb6 12. Bg5 Be6 13. Qb4 Qxb4 14. cxb4 f6
15. Bd2 Rfd8 16. a4 Bg4 17. Be3 Nc4 18. h3 Bd7 19. Bc1 a5 20. bxa5 Rxa5 21. Nd2
Be6 22. d5 Nxd2 23. Bxd2 Raa8 24. Bb4 cxd5 25. Bxe7 Rd7 26. exd5 Bxd5 1/2-1/2

[Event "BL 8788 Koblenz-Sindelfingen"]
[Site "?"]
[Date "1988.??.??"]
[Round "?.2"]
[White "Doncevic, D."]
[Black "Franke, H."]
[Result "1/2-1/2"]
[WhiteElo "2400"]
[BlackElo "2350"]
[PlyCount "40"]
[EventDate "1988.??.??"]

1. e4 e6 2. d4 d5 3. Nd2 Nf6 4. e5 Ne4 5. Bd3 Nxd2 6. Bxd2 c5 7. dxc5 Nd7 8.
Nf3 Nxc5 9. O-O Bd7 10. Nd4 Nxd3 11. cxd3 Qb6 12. Be3 Qa6 13. a4 Rc8 14. Qd2
Be7 15. b4 b6 16. Bg5 Bxg5 17. Qxg5 O-O 18. Qd2 Rc7 19. b5 Qb7 20. Rfc1 Rfc8
1/2-1/2

[Event "BL 8788 Koblenz-Sindelfingen"]
[Site "?"]
[Date "1988.??.??"]
[Round "?.3"]
[White "Fahnenschmidt, G."]
[Black "Brueckner, T."]
[Result "1-0"]
[WhiteElo "2335"]
[BlackElo "2400"]
[PlyCount "104"]
[EventDate "1988.??.??"]

1. d4 f5 2. g3 Nf6 3. Bg2 g6 4. b3 Bg7 5. Bb2 O-O 6. Nd2 c5 7. e3 Nc6 8. Ngf3
cxd4 9. exd4 Ne4 10. O-O d5 11. Ne5 Nxd2 12. Qxd2 f4 13. Qe2 Nxe5 14. dxe5 Be6
15. Rfd1 Qa5 16. Rd4 Rf7 17. gxf4 Raf8 18. Rad1 Qb6 19. Bc1 g5 20. Be3 Qc7 21.
fxg5 Qxe5 22. Rxd5 Bxd5 23. Rxd5 Qa1+ 24. Rd1 Qe5 25. Qg4 e6 26. Qh4 b6 27. Be4
h6 28. gxh6 Bf6 29. Qg4+ Kh8 30. Kh1 Rg8 31. Qf3 Bh4 32. Bd4 Qxd4 33. Rxd4 Rxf3
34. Bxf3 Bxf2 35. Rg4 Rxg4 36. Bxg4 Kh7 37. Bxe6 Kxh6 38. Kg2 Bc5 39. Kf3 Kg5
40. Ke4 Kh4 41. Kd5 Kg5 42. Kc4 Kh6 43. b4 Bg1 44. h3 Kg5 45. b5 Kf6 46. Kd5
Bc5 47. Bg4 Ke7 48. h4 Be3 49. h5 Bf4 50. Kc6 Kd8 51. c4 Be3 52. Kb7 Ke7 1-0

[Event "BL 8788 Koblenz-Sindelfingen"]
[Site "?"]
[Date "1988.??.??"]
[Round "?.4"]
[White "Bayer, E."]
[Black "Gruenenwald, J."]
[Result "1-0"]
[WhiteElo "2360"]
[BlackElo "2330"]
[PlyCount "63"]
[EventDate "1988.??.??"]

1. d4 Nf6 2. c4 g6 3. g3 Bg7 4. Bg2 O-O 5. Nf3 d6 6. Nc3 Nc6 7. h3 a6 8. O-O
Rb8 9. e4 b5 10. e5 Nd7 11. e6 fxe6 12. d5 exd5 13. cxd5 Na5 14. Nd4 Ne5 15.
Nce2 c5 16. dxc6 Qb6 17. Bg5 Re8 18. b3 e6 19. Rc1 Qc7 20. Bd2 b4 21. Be3 d5
22. Rc5 Bf8 23. Rc2 Rb6 24. Nf4 Rb8 25. Qd2 Kh8 26. Qe2 Bg7 27. Rfc1 Nf7 28.
Qd1 Ne5 29. Kh2 Rb6 30. Ndxe6 Rxe6 31. Nxd5 Qd6 32. Nxb6 1-0

[Event "BL 8788 Koblenz-Sindelfingen"]
[Site "?"]
[Date "1988.??.??"]
[Round "?.5"]
[White "Bialas, W."]
[Black "Schlick, V."]
[Result "1-0"]
[WhiteElo "2360"]
[BlackElo "2290"]
[PlyCount "95"]
[EventDate "1988.??.??"]

1. Nf3 c5 2. g3 g6 3. Bg2 Bg7 4. d4 cxd4 5. Nxd4 Nc6 6. Nxc6 bxc6 7. c4 Nf6 8.
O-O O-O 9. Nc3 a5 10. Qc2 Ba6 11. c5 a4 12. Bd2 Qc7 13. Rfe1 a3 14. b3 Qe5 15.
Na4 Nd5 16. e4 Nf6 17. Bf4 Qh5 18. Rad1 g5 19. Bc1 Ng4 20. h3 Ne5 21. f4 Nf3+
22. Bxf3 Qxf3 23. Qg2 Qxg2+ 24. Kxg2 Ra7 25. fxg5 Bb5 26. Nb6 Bc3 27. Re3 Ba5
28. Nxd7 Rd8 29. b4 Raxd7 30. Rxd7 Rxd7 31. bxa5 Rd1 32. Rc3 e5 33. Be3 Rb1 34.
Rxa3 Rb2+ 35. Bf2 Ba6 36. Kf3 Kg7 37. h4 Be2+ 38. Kg2 Ba6 39. g4 Re2 40. Kf3
Rc2 41. Be3 Be2+ 42. Kg3 Ba6 43. h5 Rc4 44. h6+ Kg6 45. Rd3 Rd4 46. Rxd4 exd4
47. Bd2 d3 48. Kf4 1-0

[Event "BL 8788 Koblenz-Sindelfingen"]
[Site "?"]
[Date "1988.??.??"]
[Round "?.6"]
[White "Weidemann, J."]
[Black "Mohr, S."]
[Result "1/2-1/2"]
[WhiteElo "2290"]
[BlackElo "2325"]
[PlyCount "106"]
[EventDate "1988.??.??"]

1. e4 g6 2. d4 Bg7 3. g3 d6 4. Bg2 Nf6 5. Nc3 O-O 6. Nge2 e5 7. O-O c6 8. h3 b5
9. a3 Bb7 10. f4 exd4 11. Nxd4 Nbd7 12. Kh2 Rc8 13. Re1 Nb6 14. Nf3 Qc7 15. Rb1
a6 16. f5 c5 17. Bf4 Nc4 18. Qd3 Nh5 19. Nd5 Bxd5 20. Qxd5 Nxf4 21. gxf4 Nb6
22. Qd2 gxf5 23. Nh4 fxe4 24. Nf5 d5 25. Bxe4 Bf6 26. Bf3 Nc4 27. Qc1 d4 28.
Re7 Qd8 29. Ra7 Nd6 30. Bg4 Nxf5 31. Bxf5 Qd6 32. Rd7 Qb8 33. Qd2 Rce8 34. Rf1
Re3 35. Qg2+ Bg7 36. Qg4 Qe8 37. Rf2 Kh8 38. Rg2 Be5 39. Qh4 Bxf4+ 40. Qxf4 Re2
41. Bg4 Rxg2+ 42. Kxg2 f5 43. Qh6 Qe4+ 44. Kf2 Qe3+ 45. Qxe3 dxe3+ 46. Kxe3
fxg4 47. hxg4 Rf1 48. Ra7 Re1+ 49. Kd3 c4+ 50. Kc3 Re6 51. Kb4 Re2 52. Rxa6
Rxc2 53. Kxb5 Rxb2+ 1/2-1/2

[Event "BL 8788 Koblenz-Sindelfingen"]
[Site "?"]
[Date "1988.??.??"]
[Round "?.7"]
[White "Eppinger, G."]
[Black "Kertesz, A."]
[Result "0-1"]
[WhiteElo "2310"]
[BlackElo "2345"]
[PlyCount "80"]
[EventDate "1988.??.??"]

1. e4 Nf6 2. e5 Nd5 3. d4 d6 4. c4 Nb6 5. exd6 exd6 6. h3 Bf5 7. Nf3 Be7 8. Bd3
Qd7 9. O-O O-O 10. Nc3 Nc6 11. a3 Bxd3 12. Qxd3 Na5 13. Nd2 d5 14. c5 Nbc4 15.
Ne2 Bf6 16. Nf3 Nc6 17. b3 N4a5 18. Bd2 Rfe8 19. Rfe1 b6 20. Rac1 g6 21. Be3
Rab8 22. Nd2 bxc5 23. Rxc5 Be7 24. Rb5 Ne5 25. dxe5 Qxb5 26. Qxb5 Rxb5 27. Nd4
Rb6 28. b4 Nb7 29. N4b3 Rc6 30. b5 Rc3 31. a4 Bb4 32. Rd1 Nc5 33. Bd4 Rxb3 34.
Bxc5 Rb2 35. Be3 d4 36. Bf4 Bxd2 37. Bxd2 Rxe5 38. Bf4 Rd5 39. Bxc7 d3 40. Kf1
Rb4 0-1

[Event "BL 8788 Zähringen-Koblenz"]
[Site "?"]
[Date "1988.??.??"]
[Round "?.1"]
[White "Gutman, L."]
[Black "Raupp, T."]
[Result "1/2-1/2"]
[WhiteElo "2475"]
[BlackElo "2300"]
[PlyCount "100"]
[EventDate "1988.??.??"]

1. d4 d5 2. c4 e6 3. Nc3 Be7 4. cxd5 exd5 5. Bf4 c6 6. e3 Bd6 7. Nge2 Ne7 8. f3
O-O 9. Qd2 Na6 10. Bxd6 Qxd6 11. Nf4 Nc7 12. Bd3 Ne6 13. Nfe2 Bd7 14. O-O Rad8
15. Rac1 Be8 16. Na4 f6 17. Nc5 Nxc5 18. dxc5 Qd7 19. Nd4 Bg6 20. Rc3 Rfe8 21.
Ra3 Bxd3 22. Qxd3 Nc8 23. Rb3 Qf7 24. Re1 Rd7 25. Rb4 Qg6 26. Qb3 Qf7 27. Nf5
Re5 28. Rf4 d4 29. Nxd4 Rxc5 30. Qa3 Re5 31. b4 Qd5 32. Rc1 Rd8 33. Rc5 Qd6 34.
Rc3 a6 35. Qb3+ Qd5 36. Qc2 Nb6 37. Rh4 g6 38. Rf4 Kg7 39. Rg4 Qd7 40. Qb3 Nd5
41. Rd3 Qe7 42. e4 Nxb4 43. Ne6+ Rxe6 44. Rxd8 Qxd8 45. Qxe6 Qd4+ 46. Kf1 Nd3
47. Qe7+ Kg8 48. Qe8+ Kg7 49. Qe7+ Kg8 50. Qe8+ Kg7 1/2-1/2

[Event "BL 8788 Zähringen-Koblenz"]
[Site "?"]
[Date "1988.??.??"]
[Round "?.2"]
[White "Kiefer, G."]
[Black "Wolf, V."]
[Result "1-0"]
[WhiteElo "2220"]
[BlackElo "2315"]
[PlyCount "81"]
[EventDate "1988.??.??"]

1. e4 Nf6 2. e5 Nd5 3. d4 d6 4. Nf3 dxe5 5. Nxe5 g6 6. Bc4 Be6 7. O-O Bg7 8.
Re1 O-O 9. Nd2 c6 10. Ne4 Nd7 11. Nxd7 Bxd7 12. Bg5 b6 13. Qd2 Bf5 14. Ng3 Be6
15. Bh6 Nc7 16. Bxg7 Kxg7 17. Bxe6 Nxe6 18. Rad1 Qd5 19. Re5 Qxa2 20. Qc3 f6
21. Re4 Qd5 22. Rde1 Nd8 23. Rxe7+ Rf7 24. Qe3 a5 25. Re8 Rd7 26. c3 Raa7 27.
h4 Nf7 28. Qf4 Rd8 29. R8e6 f5 30. h5 Rad7 31. hxg6 hxg6 32. Qh4 Rg8 33. Qf6+
Kh7 34. Rxc6 b5 35. Rc5 Qb3 36. Nxf5 gxf5 37. Qxf5+ Rg6 38. Qxd7 Rf6 39. Qxb5
Qc2 40. Qe2 Qg6 41. Qh5+ 1-0

[Event "BL 8788 Zähringen-Koblenz"]
[Site "?"]
[Date "1988.??.??"]
[Round "?.3"]
[White "Doncevic, D."]
[Black "Schuh, H."]
[Result "1/2-1/2"]
[WhiteElo "2400"]
[BlackElo "2320"]
[PlyCount "94"]
[EventDate "1988.??.??"]

1. e4 c5 2. c3 d5 3. exd5 Qxd5 4. d4 Nf6 5. Nf3 e6 6. Be2 cxd4 7. cxd4 Nc6 8.
Nc3 Qd6 9. O-O Be7 10. Nb5 Qd7 11. Ne5 Qd8 12. Bf3 Bd7 13. Nxd7 Qxd7 14. Be3
O-O 15. Qb3 Rac8 16. Rac1 a6 17. Nc3 b5 18. d5 Ne5 19. dxe6 Nxf3+ 20. gxf3 Qxe6
21. Qxe6 fxe6 22. Rfd1 h6 23. Kf1 Kh7 24. Ke2 Rc4 25. Ne4 Rfc8 26. Nxf6+ Bxf6
27. b3 Rxc1 28. Rxc1 Rxc1 29. Bxc1 Kg6 30. f4 Kf5 31. Kf3 g6 32. h3 Be7 33. Bd2
Bd6 34. Be3 h5 35. Bd2 Ba3 36. Be3 a5 37. Bb6 a4 38. Be3 Bd6 39. Bd2 Bf8 40.
Ba5 Bd6 41. Bd2 Bc7 42. Be3 Bd6 43. Bd2 Bf8 44. Bc3 Bc5 45. Bb2 Bd6 46. Bc1 Bf8
47. Bb2 Bd6 1/2-1/2

[Event "BL 8788 Zähringen-Koblenz"]
[Site "?"]
[Date "1988.??.??"]
[Round "?.4"]
[White "Vatter, H."]
[Black "Brueckner, T."]
[Result "1/2-1/2"]
[WhiteElo "2270"]
[BlackElo "2400"]
[PlyCount "60"]
[EventDate "1988.??.??"]

1. e4 e5 2. Nf3 Nc6 3. Bc4 Nf6 4. d4 exd4 5. O-O Nxe4 6. Re1 d5 7. Bxd5 Qxd5 8.
Nc3 Qa5 9. Nxe4 Be6 10. Bd2 Bb4 11. c3 dxc3 12. bxc3 Be7 13. c4 Qa6 14. Bg5 O-O
15. Bxe7 Nxe7 16. Nc5 Qxc4 17. Rc1 Qd5 18. Nxe6 Qxd1 19. Rexd1 fxe6 20. Rxc7
Nd5 21. Rxb7 Rfb8 22. Rdb1 Rxb7 23. Rxb7 Rc8 24. g3 Rc7 25. Rb8+ Kf7 26. Ng5+
Kf6 27. Nxh7+ Kg6 28. Nf8+ Kf7 29. Nh7 Kg6 30. Nf8+ Kf7 1/2-1/2

[Event "BL 8788 Zähringen-Koblenz"]
[Site "?"]
[Date "1988.??.??"]
[Round "?.5"]
[White "Bayer, E."]
[Black "Herbrechtsmeier, C."]
[Result "1/2-1/2"]
[WhiteElo "2360"]
[BlackElo "2305"]
[PlyCount "83"]
[EventDate "1988.??.??"]

1. d4 Nf6 2. c4 e6 3. Nf3 d5 4. Nc3 c6 5. Bg5 h6 6. Bxf6 Qxf6 7. e3 Nd7 8. Rc1
Bb4 9. a3 Bxc3+ 10. Rxc3 O-O 11. cxd5 exd5 12. Bd3 Re8 13. O-O a5 14. Qc2 Qd6
15. Bh7+ Kh8 16. Bf5 g6 17. Bd3 Kg7 18. Rb1 a4 19. Rc1 Re7 20. Qd1 Nb6 21. Ne5
Bd7 22. Qd2 Be8 23. Rc5 Nd7 24. Nxd7 Bxd7 25. Qb4 Ree8 26. Qb6 Qb8 27. h3 Qd8
28. Qb4 Ra7 29. Qd2 Qg5 30. Kh1 h5 31. R5c2 Bf5 32. Bxf5 Qxf5 33. Qb4 Qd7 34.
Kg1 Rea8 35. Rc5 Ra6 36. R1c2 Qd8 37. Qd2 Rb6 38. Qe2 Qf6 39. Qe1 Rb3 40. R5c3
Rb5 41. Rc5 Rb3 42. Qd2 1/2-1/2

[Event "BL 8788 Sindelfingen-Heidelberg"]
[Site "?"]
[Date "1988.??.??"]
[Round "?.1"]
[White "Ostl, A."]
[Black "Darga, K."]
[Result "1/2-1/2"]
[WhiteElo "2385"]
[BlackElo "2470"]
[PlyCount "40"]
[EventDate "1988.??.??"]

1. c4 e6 2. Nf3 Nf6 3. e3 d5 4. b3 Be7 5. Bb2 O-O 6. Be2 c5 7. O-O Nc6 8. cxd5
Nxd5 9. d3 b6 10. a3 Bb7 11. Nbd2 Bf6 12. Qc2 Bxb2 13. Qxb2 Qe7 14. Nc4 Rfd8
15. Rfd1 b5 16. Ncd2 Rac8 17. Rdc1 a6 18. Rc2 Nb8 19. Rac1 Nd7 20. d4 cxd4
1/2-1/2

[Event "BL 8788 Sindelfingen-Heidelberg"]
[Site "?"]
[Date "1988.??.??"]
[Round "?.2"]
[White "Franke, H."]
[Black "Steinbacher, M."]
[Result "0-1"]
[WhiteElo "2350"]
[BlackElo "2260"]
[PlyCount "78"]
[EventDate "1988.??.??"]

1. d4 Nf6 2. Nf3 e6 3. c4 c5 4. g3 cxd4 5. Nxd4 Bb4+ 6. Bd2 Bxd2+ 7. Nxd2 O-O
8. Bg2 Nc6 9. Nxc6 bxc6 10. O-O Rb8 11. b3 a5 12. Qc2 Ba6 13. Rfd1 Qe7 14. e4
Qc5 15. Rac1 a4 16. bxa4 Rb4 17. Nb3 Qa7 18. c5 Rxa4 19. Rd4 Bb5 20. Rxa4 Qxa4
21. Rd1 Ra8 22. Rd2 e5 23. f3 Bc4 24. Bh3 Qb4 25. Rd1 h5 26. Qd2 Qxd2 27. Rxd2
Kf8 28. Bf1 Be6 29. h4 Ra3 30. Rb2 Ne8 31. Kf2 Nc7 32. Ke1 Ke7 33. Be2 g6 34.
Kd2 Bxb3 35. axb3 Ne6 36. Kc3 Ra1 37. b4 Nd4 38. f4 Ra3+ 39. Kd2 Rxg3 0-1

[Event "BL 8788 Sindelfingen-Heidelberg"]
[Site "?"]
[Date "1988.??.??"]
[Round "?.3"]
[White "Neunhoeffer, H."]
[Black "Fahnenschmidt, G."]
[Result "1/2-1/2"]
[WhiteElo "2260"]
[BlackElo "2335"]
[PlyCount "52"]
[EventDate "1988.??.??"]

1. d4 Nf6 2. c4 g6 3. Nc3 d5 4. Nf3 Bg7 5. Qb3 dxc4 6. Qxc4 O-O 7. e4 a6 8. e5
b5 9. Qb3 Nfd7 10. h4 c5 11. e6 fxe6 12. h5 cxd4 13. Qxe6+ Kh8 14. Qd5 Nb6 15.
Qg5 Rf5 16. Qg3 gxh5 17. Ne4 Nc6 18. Bd3 Nb4 19. Nfg5 Qe8 20. Bd2 Nxd3+ 21.
Qxd3 Qg6 22. f4 Rxg5 23. fxg5 Bf5 24. Rh4 Nc4 25. O-O-O Rc8 26. Kb1 Nd6 1/2-1/2

[Event "BL 8788 Sindelfingen-Heidelberg"]
[Site "?"]
[Date "1988.??.??"]
[Round "?.6"]
[White "Mohr, S."]
[Black "Nonnenmacher, E."]
[Result "1/2-1/2"]
[WhiteElo "2325"]
[BlackElo "2300"]
[PlyCount "100"]
[EventDate "1988.??.??"]

1. d4 Nf6 2. c4 e6 3. Nf3 b6 4. Bf4 Bb7 5. e3 Be7 6. h3 O-O 7. Nc3 d5 8. cxd5
Nxd5 9. Nxd5 Bxd5 10. Bd3 c5 11. dxc5 Bxc5 12. O-O h6 13. Qe2 Qe7 14. a3 a5 15.
Rac1 Rd8 16. Bb1 a4 17. Nd4 Nd7 18. Nb5 Bb7 19. Nc3 e5 20. Qc2 Nf6 21. Bg3 Qe6
22. Rfe1 Re8 23. Bh4 Kf8 24. Qf5 Qc6 25. e4 Bc8 26. Qf3 g5 27. Nd5 Kg7 28. Bg3
Ng8 29. Ba2 f6 30. Nb4 Qc7 31. Red1 Be6 32. Bxe6 Rxe6 33. h4 Ne7 34. Nd5 Nxd5
35. exd5 Rd6 36. Qe4 Qf7 37. Rd3 Rad8 38. Rcd1 b5 39. Kf1 R6d7 40. R1d2 Bd4 41.
hxg5 hxg5 42. f4 Qxd5 43. Qxd5 Rxd5 44. fxe5 fxe5 45. Bxe5+ Rxe5 46. Rxd4 Rxd4
47. Rxd4 Rc5 48. Rb4 Kf6 49. Kf2 Kf5 50. Kf3 Re5 1/2-1/2

[Event "BL 8788 Lasker-Erlangen"]
[Site "?"]
[Date "1988.??.??"]
[Round "?.1"]
[White "Unzicker, W."]
[Black "Muse, M."]
[Result "1/2-1/2"]
[WhiteElo "2465"]
[BlackElo "2415"]
[PlyCount "62"]
[EventDate "1988.??.??"]

1. e4 c5 2. Nf3 Nc6 3. d4 cxd4 4. Nxd4 Nf6 5. Nc3 e5 6. Ndb5 d6 7. Bg5 a6 8.
Na3 b5 9. Bxf6 gxf6 10. Nd5 f5 11. Bd3 Be6 12. Qh5 Bg7 13. O-O f4 14. c4 bxc4
15. Bxc4 O-O 16. Rac1 Rb8 17. b3 Qd7 18. Rfd1 Kh8 19. Qh4 Bxd5 20. Bxd5 Nd4 21.
Bc4 f5 22. Qh3 Qe7 23. Nc2 fxe4 24. Re1 Qb7 25. Nxd4 exd4 26. Qe6 e3 27. Bd3
Rf6 28. Qg4 Rg8 29. f3 Bf8 30. Qh4 Qg7 31. Re2 d5 1/2-1/2

[Event "BL 8788 Lasker-Erlangen"]
[Site "?"]
[Date "1988.??.??"]
[Round "?.2"]
[White "Berg, K."]
[Black "Kuligowski, A."]
[Result "0-1"]
[WhiteElo "2350"]
[BlackElo "2415"]
[PlyCount "96"]
[EventDate "1988.??.??"]

1. d4 d5 2. c4 dxc4 3. Nf3 Nf6 4. e3 e6 5. Bxc4 c5 6. O-O a6 7. a4 Nc6 8. Qe2
Qc7 9. Nc3 Bd6 10. dxc5 Bxc5 11. h3 b6 12. e4 Nd4 13. Nxd4 Bxd4 14. Be3 Bxe3
15. fxe3 Bb7 16. Rf4 Nd7 17. Rc1 O-O 18. Ba2 Ne5 19. Rff1 Rad8 20. Rfd1 Qc5 21.
Nd5 Qa5 22. Ne7+ Kh8 23. Rd4 Rxd4 24. exd4 Qxa4 25. dxe5 Qxa2 26. Qc2 Qa5 27.
Qc7 Qd2 28. Rc2 Qd1+ 29. Kh2 Bxe4 30. Rf2 Qh5 31. Rf4 Qe2 32. Rg4 Bf5 33. Nxf5
exf5 34. Qe7 Rc8 35. Rg5 h6 36. Rxf5 Rc2 37. Qb7 Rxb2 38. Qd5 Rd2 39. Qa8+ Kh7
40. h4 Qg4 41. Rf1 Qxh4+ 42. Kg1 Qd4+ 43. Kh1 Qxe5 44. Qxa6 Qe4 45. Rf3 Rd1+
46. Kh2 Qh4+ 47. Rh3 Qf4+ 48. Rg3 Rd5 0-1

[Event "BL 8788 Lasker-Erlangen"]
[Site "?"]
[Date "1988.??.??"]
[Round "?.3"]
[White "Huenerkopf, H."]
[Black "Heyken, E."]
[Result "1/2-1/2"]
[WhiteElo "2255"]
[BlackElo "2305"]
[PlyCount "101"]
[EventDate "1988.??.??"]

1. e4 e6 2. d4 d5 3. Nd2 Nf6 4. Bd3 c5 5. e5 Nfd7 6. c3 Nc6 7. Ne2 cxd4 8. cxd4
f6 9. exf6 Nxf6 10. Nf3 Bd6 11. O-O O-O 12. h3 Bd7 13. Re1 Qb6 14. Nc3 Rae8 15.
Be3 Qd8 16. Rc1 Re7 17. Ne5 Be8 18. f4 Nh5 19. Ne2 g5 20. Rf1 Rg7 21. Nxc6 Bxc6
22. fxg5 Bb8 23. g4 Qd6 24. Rxf8+ Kxf8 25. Qf1+ Rf7 26. Qg2 Ng3 27. Nxg3 Qxg3
28. Qxg3 Bxg3 29. Kg2 Bc7 30. g6 hxg6 31. Bxg6 Rf6 32. Bd3 e5 33. Bg5 Re6 34.
Bf5 Re8 35. Bd7 Bxd7 36. Rxc7 Bc6 37. h4 exd4 38. h5 Kg8 39. h6 Re6 40. h7+ Kh8
41. Kf2 d3 42. Rf7 Bb5 43. Be3 Re4 44. Bg5 Re6 45. Rxb7 a6 46. Be3 Re4 47. Bg5
Re6 48. a4 Bxa4 49. b3 Bb5 50. Be3 Re4 51. Bg5 1/2-1/2

[Event "BL 8788 Lasker-Erlangen"]
[Site "?"]
[Date "1988.??.??"]
[Round "?.5"]
[White "Ramos, D."]
[Black "Schacht, H."]
[Result "1/2-1/2"]
[WhiteElo "2310"]
[BlackElo "2310"]
[PlyCount "64"]
[EventDate "1988.??.??"]

1. d4 Nf6 2. Nf3 e6 3. g3 d5 4. Bg2 Be7 5. O-O O-O 6. c4 dxc4 7. Ne5 Qd6 8.
Nxc4 Qa6 9. Qc2 Rd8 10. e3 Nbd7 11. b3 c5 12. Bb2 Nb6 13. Nbd2 Nxc4 14. Qxc4 b5
15. Qc2 Bb7 16. Bxb7 Qxb7 17. dxc5 Qd5 18. Bxf6 gxf6 19. Rfd1 Qxc5 20. Qxc5
Bxc5 21. g4 Ba3 22. Ne4 Kg7 23. Kf1 Kg6 24. Ke2 f5 25. gxf5+ Kxf5 26. f3 Ke5
27. Rxd8 Rxd8 28. Rd1 Rxd1 29. Kxd1 f5 30. Nf2 Bd6 31. Kd2 Kd5 32. h3 a6
1/2-1/2

[Event "BL 8788 Zehlendorf-Bamberg"]
[Site "?"]
[Date "1988.??.??"]
[Round "?.1"]
[White "Pfleger, H."]
[Black "Pritchett, C."]
[Result "1-0"]
[WhiteElo "2485"]
[BlackElo "2385"]
[PlyCount "105"]
[EventDate "1988.??.??"]

1. d4 Nf6 2. c4 e6 3. Nf3 Bb4+ 4. Bd2 Qe7 5. g3 Nc6 6. Bg2 Bxd2+ 7. Nbxd2 d6 8.
O-O O-O 9. e4 a5 10. Re1 e5 11. d5 Nb4 12. Nb1 Bg4 13. Qd2 Na6 14. Nh4 Nc5 15.
Nc3 h6 16. h3 Bd7 17. Rab1 Nh7 18. b3 Qg5 19. Qxg5 hxg5 20. Nf3 g6 21. Nd2 Kg7
22. a3 Nf6 23. b4 axb4 24. axb4 Na4 25. Nd1 Rh8 26. g4 b5 27. cxb5 Bxb5 28. Re3
Rhb8 29. Ra3 Nb6 30. Ra5 Bd7 31. Nc3 Ne8 32. Bf1 Rd8 33. Bb5 Rab8 34. Bxd7 Rxd7
35. Nb5 f5 36. Na7 Nf6 37. f3 fxg4 38. hxg4 Rf7 39. Kg2 Rbf8 40. Rf1 Nc8 41.
Nc6 Ne7 42. Nxe7 Rxe7 43. Ra7 Rb8 44. Rb1 Ne8 45. Nc4 Rf7 46. b5 Kf6 47. Na5
Rb6 48. Ra8 Ng7 49. Nc4 Rb7 50. Na5 Rb6 51. Nc6 Rd7 52. Rf8+ Rf7 53. Rd8 1-0

[Event "BL 8788 Zehlendorf-Bamberg"]
[Site "?"]
[Date "1988.??.??"]
[Round "?.2"]
[White "Wockenfuss, K."]
[Black "Zysk, R."]
[Result "1/2-1/2"]
[WhiteElo "2415"]
[BlackElo "2400"]
[PlyCount "142"]
[EventDate "1988.??.??"]

1. d4 Nf6 2. Nf3 g6 3. Nc3 d5 4. Bf4 Bg7 5. e3 O-O 6. Be2 c6 7. h3 Nbd7 8. O-O
Re8 9. a4 a5 10. Re1 b6 11. Ne5 Bb7 12. Bf3 Nxe5 13. Bxe5 e6 14. Qc1 Rc8 15. e4
dxe4 16. Bxe4 Qe7 17. Bf3 Red8 18. Qf4 Ba6 19. Qh4 Nd5 20. Qxe7 Nxe7 21. Ne4
Bxe5 22. dxe5 c5 23. Nd6 Rc7 24. Rad1 Rcd7 25. g4 g5 26. Be4 Nc8 27. Bc6 Rc7
28. Nxc8 Rcxc8 29. Be4 h6 30. f3 Kf8 31. Kf2 Ke7 32. Ke3 Bc4 33. b3 Bd5 34. c4
Bxe4 35. Kxe4 f6 36. exf6+ Kxf6 37. Rf1 e5 38. Rd5 Rxd5 39. cxd5 c4 40. Rc1 c3
41. Rc2 Rc5 42. Kd3 Rxd5+ 43. Kxc3 Rc5+ 44. Kd3 Rd5+ 45. Ke3 Rd6 46. Rc8 Ke6
47. Rh8 Kd5 48. Rc8 Rd7 49. Rb8 Kc5 50. Ke4 Re7 51. Rh8 Re6 52. Kf5 Rc6 53.
Kxe5 Kb4 54. Kd5 Rg6 {Abgabezug} 55. Rf8 Kxb3 56. f4 gxf4 57. Rxf4 h5 58. gxh5
Rg5+ 59. Kc6 Rxh5 60. h4 Rh6+ 61. Kb5 Kc3 62. Rg4 Kd3 63. Rg3+ Kd4 64. Rg5 Rxh4
65. Kxb6 Kc4 66. Kxa5 Kb3 67. Rg3+ Kc4 68. Rg6 Kb3 69. Rg3+ Kc4 70. Rf3 Rh5+
71. Kb6 Rh6+ 1/2-1/2